=LDR 00000nam 2200000 4500 =001 INLIS000000000014263 =005 20130612105536 =008 ***********************************Ind** =035 ##$$0010-061300000014263 =041 ##$$a Ind =082 ##$$a R. 413.1 =090 ##$$a R. 413.1, Par k =100 ##$$a Parsidi, Agata =245 ##$$a Kamus akromin inisialisme dan singkatan, Agata Parsidi =260 ##$$a 1994 $b Jakarta =300 ##$$a X1V, 673 hlm, 21 cm =650 ##$$a Akronim - Kamus =850 ##$$a NBPNMAT